[Event "Campionatele Nationale de sah pentru co"]
[Site "Calimanesti-Caciulata"]
[Date "2019.04.16"]
[Round "2.3"]
[White "Vasiesiu, Victor"]
[Black "Fluerariu, Radu-Cristian"]
[Result "1-0"]
[WhiteElo "2241"]
[BlackElo "2002"]
[PlyCount "67"]
[EventDate "2019.04.15"]
[EventRounds "9"]

1. e4 e6 2. d4 d5 3. Nc3 Nf6 4. Bg5 Be7 5. e5 Nfd7 6. h4 O-O 7. Nf3 c5 8. Bd3
f6 9. exf6 Nxf6 10. dxc5 Nc6 11. Qe2 Qa5 12. O-O Qxc5 13. Rad1 Qb4 14. a3 Qg4
15. Bxf6 Rxf6 16. Bxh7+ Kh8 17. Bd3 Bd7 18. Qe3 Rh6 19. Be2 Rg6 20. g3 Qh3 21.
Ng5 Rxg5 22. hxg5 Rf8 23. g4 Qh4 24. Kg2 Kg8 25. f4 d4 26. Qg3 Qxg3+ 27. Kxg3
Be8 28. Ne4 a6 29. Bc4 Nd8 30. Rxd4 b5 31. Bb3 Bc6 32. Re1 a5 33. f5 a4 34. Ba2
1-0

[Event "Campionatele Nationale de sah pentru co"]
[Site "Calimanesti-Caciulata"]
[Date "2019.04.15"]
[Round "1.2"]
[White "Fluerariu, Radu-Cristian"]
[Black "Miloi, Pavel-Dan"]
[Result "1/2-1/2"]
[WhiteElo "2002"]
[BlackElo "2062"]
[PlyCount "33"]
[EventDate "2019.04.15"]
[EventRounds "9"]

1. e4 c5 2. Nc3 Nc6 3. Bb5 g6 4. Bxc6 dxc6 5. f4 e5 6. fxe5 Bg7 7. Nf3 Bg4 8.
h3 Bxf3 9. Qxf3 Bxe5 10. O-O Qf6 11. d3 Qxf3 12. Rxf3 f6 13. a4 Ne7 14. Bh6 Rg8
15. Bf4 Bd4+ 16. Be3 O-O-O 17. Ne2 1/2-1/2

[Event "Romania National Chess Championship 201"]
[Site "Olanesti, Hotel Parang"]
[Date "2019.03.09"]
[Round "8.20"]
[White "Fluerariu, Radu-Cristian"]
[Black "Nastore, Pavel-Alexandru"]
[Result "1-0"]
[WhiteElo "1940"]
[BlackElo "1980"]
[PlyCount "71"]
[EventDate "2019.03.02"]
[EventRounds "9"]

1. e4 c5 2. Be2 Nc6 3. f4 e6 4. Nf3 d5 5. d3 Bd6 6. O-O d4 7. c3 Nge7 8. Na3
O-O 9. Bd2 a6 10. Qe1 f5 11. e5 Bc7 12. Nc2 b5 13. cxd4 cxd4 14. Rc1 Bb6 15.
Na1 Qd7 16. Nb3 Qa7 17. Ng5 h6 18. Bf3 hxg5 19. Bxc6 Nxc6 20. Rxc6 g4 21. Bb4
Re8 22. Bc5 Rb8 23. Rxb6 Rxb6 24. Qa5 Qa8 25. Bxb6 Bb7 26. Qd2 Kf7 27. Qf2 Rh8
28. Rc1 Bd5 29. Nxd4 Qg8 30. Rc7+ Kg6 31. Nc6 Bxc6 32. Rxc6 Qe8 33. Qc5 Rxh2
34. Kxh2 Qh8+ 35. Kg1 g3 36. Rxe6+ 1-0

[Event "Romania National Chess Championship 201"]
[Site "Olanesti, Hotel Parang"]
[Date "2019.03.08"]
[Round "7.19"]
[White "Helmer, Janos"]
[Black "Fluerariu, Radu-Cristian"]
[Result "1/2-1/2"]
[WhiteElo "2024"]
[BlackElo "1940"]
[PlyCount "59"]
[EventDate "2019.03.02"]
[EventRounds "9"]

1. Nf3 Nf6 2. c4 e6 3. Nc3 d5 4. d4 b6 5. Bg5 Be7 6. e3 Bb7 7. Rc1 O-O 8. cxd5
Nxd5 9. Bxe7 Qxe7 10. Bd3 c5 11. O-O cxd4 12. Nxd4 Rd8 13. Qe2 Nf4 14. exf4
Rxd4 15. Qe3 Nc6 16. Be4 Qd7 17. Nb5 Rd2 18. Rxc6 Bxc6 19. Bxc6 Qxc6 20. Qxd2
Qxb5 21. Rc1 h6 22. g3 Qf5 23. a3 Qf6 24. Rc7 Rd8 25. Qc2 a5 26. Rc6 Qd4 27.
Qb3 a4 28. Qb5 Qe4 29. Rc1 Qd4 30. Rc6 1/2-1/2

[Event "Romania National Chess Championship 201"]
[Site "Olanesti, Hotel Parang"]
[Date "2019.03.05"]
[Round "4.19"]
[White "Almasan, Calin-Ovidiu"]
[Black "Fluerariu, Radu-Cristian"]
[Result "1-0"]
[WhiteElo "1958"]
[BlackElo "1940"]
[PlyCount "73"]
[EventDate "2019.03.02"]
[EventRounds "9"]

1. e4 c5 2. Nc3 Nc6 3. f4 g6 4. Nf3 Bg7 5. Bb5 e6 6. Bxc6 bxc6 7. d3 d5 8. O-O
Ne7 9. Qe1 O-O 10. Qf2 d4 11. Na4 c4 12. dxc4 d3 13. c3 Ba6 14. b3 Qa5 15. Ba3
Rfe8 16. Bb4 Qc7 17. e5 Rad8 18. Bd6 Qb7 19. Nc5 Qc8 20. Nd4 Nf5 21. Nxf5 exf5
22. Rad1 Bf8 23. Bxf8 Rxf8 24. Nxd3 Qc7 25. Nc5 Bc8 26. Rd4 Qa5 27. Rfd1 Rde8
28. b4 Qa3 29. Qc2 a5 30. Qb3 Qxb3 31. axb3 axb4 32. cxb4 Be6 33. Rd6 Rc8 34.
Kf2 Rfe8 35. Ke3 Kf8 36. Ra1 h6 37. Ra6 1-0

[Event "Romania National Chess Championship 201"]
[Site "Olanesti, Hotel Parang"]
[Date "2019.03.04"]
[Round "3.21"]
[White "Fluerariu, Radu-Cristian"]
[Black "Toma, Pavel-Cornel"]
[Result "1-0"]
[WhiteElo "1940"]
[BlackElo "1744"]
[PlyCount "145"]
[EventDate "2019.03.02"]
[EventRounds "9"]

1. e4 d6 2. d4 Nf6 3. Bd3 Nbd7 4. Nf3 e5 5. c3 Be7 6. Nbd2 O-O 7. O-O Re8 8.
Re1 c6 9. Nf1 Qc7 10. Ng3 Nf8 11. h3 Ng6 12. a4 a5 13. Nf5 Nf4 14. Bxf4 exf4
15. Nh2 Bxf5 16. exf5 Nd5 17. Qg4 Bf6 18. Be4 Qb6 19. Bxd5 cxd5 20. Re2 Re4 21.
Rae1 Rae8 22. Qf3 Qc6 23. Rxe4 dxe4 24. Qxf4 d5 25. Ng4 Bd8 26. Ne3 Bc7 27. Qg4
Qd6 28. g3 Rd8 29. Kg2 Kh8 30. Qe2 Qc6 31. Qb5 Qd6 32. Qc5 Qxc5 33. dxc5 d4 34.
cxd4 Rxd4 35. b3 h5 36. Nc4 f6 37. Kf1 Kh7 38. Re3 Kh6 39. h4 g5 40. fxg6 Kxg6
41. Ke2 f5 42. Rc3 Kf6 43. Ne3 Ke5 44. c6 b6 45. Nc4+ Kd5 46. Na3 Rd3 47. Rc2
Rxb3 48. Nb5 Rxb5 49. axb5 Ke5 50. Ke3 Ke6 51. Rc4 Ke5 52. f3 exf3 53. Kxf3 Ke6
54. Rc2 Ke5 55. Ke2 Kd6 56. Rc1 Ke6 57. Ke3 Ke5 58. Rc3 Ke6 59. Kd3 Kd5 60. Rc4
Ke6 61. Kc3 Be5+ 62. Kb3 Bc7 63. Rc2 Kd5 64. Rd2+ Ke6 65. Rd7 Bxg3 66. Rg7 Be5
67. c7 Bxc7 68. Rxc7 f4 69. Rc6+ Kf5 70. Rxb6 f3 71. Rb8 Kg4 72. Rf8 Kxh4 73.
Rxf3 1-0

[Event "Romania National Chess Championship 201"]
[Site "Olanesti, Hotel Parang"]
[Date "2019.03.03"]
[Round "2.15"]
[White "Chima, Radu-Niculin"]
[Black "Fluerariu, Radu-Cristian"]
[Result "1-0"]
[WhiteElo "2085"]
[BlackElo "1940"]
[PlyCount "83"]
[EventDate "2019.03.02"]
[EventRounds "9"]

1. e4 c5 2. Nf3 Nc6 3. d4 cxd4 4. Nxd4 Nf6 5. Nc3 e5 6. Ndb5 d6 7. Bg5 a6 8.
Na3 b5 9. Nd5 Be7 10. Bxf6 Bxf6 11. c3 Ne7 12. Nc2 Nxd5 13. exd5 O-O 14. Be2
Bg5 15. O-O f5 16. a4 Bd7 17. axb5 axb5 18. Nb4 Qb6 19. Qb3 Bh4 20. g3 Bg5 21.
Rxa8 Rxa8 22. Nc6 f4 23. Qxb5 Qxb5 24. Bxb5 Bh3 25. Rb1 Bf5 26. Re1 f3 27. h4
Bf6 28. Bc4 h5 29. b4 Ra3 30. Re3 Ra1+ 31. Kh2 Bg4 32. b5 Rb1 33. Bd3 Rb2 34.
Kg1 Rb3 35. c4 Kf8 36. Be4 Rxe3 37. fxe3 Bc8 38. b6 Ba6 39. Na5 Bd8 40. b7 Bc7
41. Kf2 Ke7 42. Nc6+ 1-0

[Event "Romania National Chess Championship 201"]
[Site "Olanesti, Hotel Parang"]
[Date "2019.03.02"]
[Round "1.13"]
[White "Fluerariu, Radu-Cristian"]
[Black "Vrencian , Lehel"]
[Result "0-1"]
[WhiteElo "1940"]
[BlackElo "2304"]
[PlyCount "104"]
[EventDate "2019.03.02"]
[EventRounds "9"]

1. c4 e5 2. Nc3 Bb4 3. Nd5 Bc5 4. e3 c6 5. Nc3 Bb4 6. Nf3 Qe7 7. Qc2 Nf6 8. Be2
O-O 9. O-O d5 10. a3 Bd6 11. cxd5 cxd5 12. Nb5 Bg4 13. Nxd6 Qxd6 14. d4 e4 15.
Ne5 Rc8 16. Qd1 Bxe2 17. Qxe2 Nc6 18. Nxc6 Rxc6 19. Bd2 Rc2 20. Rab1 Qb6 21. b4
Rac8 22. Rfc1 Ne8 23. Qd1 R2c4 24. Rxc4 Rxc4 25. Rc1 Nd6 26. Rxc4 Nxc4 27. Bc1
Qc6 28. Qc2 h5 29. h3 Kf8 30. a4 a6 31. Qb3 Nb6 32. Qa3 Qxa4 33. b5+ Qxa3 34.
Bxa3+ Ke8 35. bxa6 bxa6 36. Bb4 Nc4 37. Kf1 Kd7 38. Ke2 Kc6 39. Bc3 Kb5 40. Kd1
Ka4 41. Kc2 Nd6 42. Be1 Nf5 43. g3 f6 44. Kc3 Nd6 45. Kc2 Nf7 46. h4 g5 47.
hxg5 fxg5 48. Kd2 h4 49. gxh4 gxh4 50. Ke2 Ng5 51. Kf1 Nf3 52. Bc3 h3 0-1

[Event " Campionatele Nationale pe echipe de ti"]
[Site "Iasi"]
[Date "2018.07.18"]
[Round "6.2"]
[White "Barbu, Simon-Alexandru"]
[Black "Fluerariu, Radu-Cristian"]
[Result "0-1"]
[WhiteElo "1622"]
[BlackElo "2074"]
[PlyCount "56"]
[EventDate "2018.07.13"]
[EventType "team"]
[EventRounds "6"]
[WhiteTeam "Sah Club Galati"]
[BlackTeam "Cs Medicina Timisoara"]

1. d4 e6 2. c4 b6 3. Nc3 Bb7 4. e4 Bb4 5. Bd3 f5 6. Qc2 Nf6 7. f3 fxe4 8. fxe4
Bxc3+ 9. bxc3 Nxe4 10. Nf3 Nf6 11. Bg5 Qe7 12. O-O Nc6 13. c5 bxc5 14. Rab1 Rb8
15. d5 c4 16. dxc6 cxd3 17. Qf2 dxc6 18. Qxa7 O-O 19. Rxb7 Rxb7 20. Qxb7 Qc5+
21. Kh1 Ng4 22. Qb2 Qxg5 23. Rd1 Qd5 24. Qd2 Rd8 25. Ng5 e5 26. h3 Nf6 27. Qe3
e4 28. Re1 h6 0-1

[Event " Campionatele Nationale pe echipe de ti"]
[Site "Iasi"]
[Date "2018.07.17"]
[Round "5.2"]
[White "Fluerariu, Radu-Cristian"]
[Black "Radulescu, Vlad-Alexandru"]
[Result "1/2-1/2"]
[WhiteElo "2074"]
[BlackElo "2091"]
[PlyCount "85"]
[EventDate "2018.07.13"]
[EventType "team"]
[EventRounds "6"]
[WhiteTeam "Cs Medicina Timisoara"]
[BlackTeam "Acs Juniorul Constanta"]

1. e4 c5 2. Be2 Nc6 3. f4 d5 4. d3 dxe4 5. dxe4 Qxd1+ 6. Bxd1 b6 7. Nf3 Bb7 8.
Nc3 e6 9. Be3 Be7 10. Be2 O-O-O 11. O-O h6 12. Ne5 Rf8 13. a4 Nf6 14. Nxc6 Bxc6
15. Bf3 a5 16. f5 e5 17. Bf2 Nh7 18. Bg3 f6 19. Rfe1 Ng5 20. Be2 Rd8 21. Bb5
Bxb5 22. Nxb5 Rd2 23. Rac1 Kb7 24. h4 Nf7 25. Bf2 Rhd8 26. Nc3 R2d7 27. Nd5 Nd6
28. c4 Nc8 29. Re3 Bf8 30. Rb3 Ka7 31. Kf1 Rb7 32. Ke2 Ka6 33. Kf3 Ne7 34. g4
Nxd5 35. cxd5 Rc7 36. Rbc3 Be7 37. Ke2 Rd6 38. Kd3 Rc8 39. Kc4 Rh8 40. Rg1 Rd7
41. Rcg3 Rb8 42. Rb3 Rh8 43. Be1 1/2-1/2

[Event " Campionatele Nationale pe echipe de ti"]
[Site "Iasi"]
[Date "2018.07.16"]
[Round "4.2"]
[White "Fluerariu, Radu-Cristian"]
[Black "Pirvu, Christian"]
[Result "1-0"]
[WhiteElo "2074"]
[BlackElo "1726"]
[PlyCount "101"]
[EventDate "2018.07.13"]
[EventType "team"]
[EventRounds "6"]
[WhiteTeam "Cs Medicina Timisoara"]
[BlackTeam "Css1 Timisoara"]

1. e4 c5 2. Be2 d6 3. f4 Nf6 4. d3 e6 5. Nf3 Nc6 6. O-O Be7 7. c3 O-O 8. Kh1 a6
9. Be3 b5 10. Nbd2 Bb7 11. Qe1 Ng4 12. Bg1 f5 13. exf5 exf5 14. h3 Nh6 15. d4
Re8 16. Qd1 Kh8 17. dxc5 dxc5 18. Nb3 Qxd1 19. Bxd1 c4 20. Nc5 Bc8 21. a4 Rb8
22. axb5 axb5 23. Re1 Rd8 24. Nd4 Nxd4 25. Rxe7 Ng8 26. Re1 Nc6 27. Bf3 Nge7
28. Ne6 Re8 29. Rad1 Bb7 30. Nc5 Ba8 31. Re6 Red8 32. Rde1 h6 33. Bf2 Rd2 34.
Bh4 Rxb2 35. Bxe7 Nxe7 36. Bxa8 Rxa8 37. Rxe7 Raa2 38. Rg1 Rc2 39. Re3 Rf2 40.
Ne6 Ra3 41. Rge1 Raa2 42. Rg3 Ra7 43. Kg1 Rb2 44. Nd4 Rf7 45. Nc6 Rc7 46. Re8+
Kh7 47. Re7 Rxe7 48. Nxe7 b4 49. cxb4 Rxb4 50. Nxf5 Rb7 51. Rc3 1-0

[Event " Campionatele Nationale pe echipe de ti"]
[Site "Iasi"]
[Date "2018.07.15"]
[Round "3.2"]
[White "Fluerariu, Radu-Cristian"]
[Black "Barbu, Simon-Alexandru"]
[Result "1/2-1/2"]
[WhiteElo "2074"]
[BlackElo "1622"]
[PlyCount "54"]
[EventDate "2018.07.13"]
[EventType "team"]
[EventRounds "6"]
[WhiteTeam "Cs Medicina Timisoara"]
[BlackTeam "Sah Club Galati"]

1. c4 g6 2. Nc3 Nf6 3. g3 Bg7 4. Bg2 O-O 5. d3 c6 6. e4 e5 7. Nge2 Na6 8. O-O
Nc7 9. f4 exf4 10. Nxf4 d6 11. h3 Ne6 12. Be3 Ne8 13. Qd2 Nxf4 14. gxf4 f5 15.
Rae1 Nc7 16. Qf2 Ne6 17. d4 fxe4 18. Nxe4 d5 19. cxd5 cxd5 20. Nc3 Nc7 21. Qf3
Be6 22. Na4 b6 23. b3 Rf5 24. Nb2 Rh5 25. Nd3 Nb5 26. Ne5 Nc3 27. Bf2 Ne4
1/2-1/2

[Event " Campionatele Nationale pe echipe de ti"]
[Site "Iasi"]
[Date "2018.07.14"]
[Round "2.2"]
[White "Miloi, Pavel-Dan"]
[Black "Fluerariu, Radu-Cristian"]
[Result "1/2-1/2"]
[WhiteElo "2037"]
[BlackElo "2074"]
[PlyCount "31"]
[EventDate "2018.07.13"]
[EventType "team"]
[EventRounds "6"]
[WhiteTeam "Acs Juniorul Constanta"]
[BlackTeam "Cs Medicina Timisoara"]

1. d4 Nf6 2. Nf3 d6 3. c4 Nbd7 4. Nc3 e5 5. e4 Be7 6. Be2 O-O 7. O-O Re8 8. d5
Nc5 9. Qc2 a5 10. h3 h6 11. Be3 b6 12. Nh2 Nh7 13. Bg4 Ba6 14. b3 Bg5 15. Bxc5
bxc5 16. a4 1/2-1/2

[Event " Campionatele Nationale pe echipe de ti"]
[Site "Iasi"]
[Date "2018.07.13"]
[Round "1.2"]
[White "Pirvu, Christian"]
[Black "Fluerariu, Radu-Cristian"]
[Result "0-1"]
[WhiteElo "1726"]
[BlackElo "2074"]
[PlyCount "61"]
[EventDate "2018.07.13"]
[EventType "team"]
[EventRounds "6"]
[WhiteTeam "Css1 Timisoara"]
[BlackTeam "Cs Medicina Timisoara"]

1. e4 d5 2. exd5 Nf6 3. Nf3 Nxd5 4. d4 Bf5 5. Be2 e6 6. O-O Be7 7. a3 O-O 8. c4
Nb6 9. Nc3 Nc6 10. Bf4 Bf6 11. Be5 Nxe5 12. Nxe5 c5 13. dxc5 Bxe5 14. cxb6 Qxb6
15. Na4 Qc7 16. h3 Rad8 17. Qb3 Rd2 18. Qf3 Bxb2 19. Nxb2 Rxb2 20. Bd3 Rb3 21.
Rfd1 Rd8 22. Rd2 Rbxd3 23. Rxd3 Rxd3 24. Qe2 h6 25. Qb2 Qc6 26. a4 Be4 27. f3
Bg6 28. Kh1 Qxc4 29. Qxb7 Qd4 30. Qb8+ Kh7 31. a5 0-1

[Event "Campionatele Nationale de sah pentru co"]
[Site "Calimanesti-Caciulata"]
[Date "2018.04.03"]
[Round "9.6"]
[White "Fluerariu, Radu-Cristian"]
[Black "Dobrin, Ionut-Alexandru"]
[Result "1-0"]
[WhiteElo "2059"]
[BlackElo "1884"]
[PlyCount "63"]
[EventDate "2018.03.27"]
[EventRounds "9"]

1. e4 c5 2. Be2 Nc6 3. f4 d6 4. Nf3 g6 5. O-O Bg7 6. c3 Nf6 7. d3 O-O 8. Na3
Rb8 9. Bd2 b5 10. Nc2 a5 11. Qe1 b4 12. Ne3 Ba6 13. Nd5 e6 14. Nxf6+ Qxf6 15.
g4 Qe7 16. Qg3 f5 17. exf5 exf5 18. Rae1 fxg4 19. Ng5 Bc8 20. Bf3 Qc7 21. Bd5+
Kh8 22. Nxh7 Kxh7 23. Qh4+ Bh6 24. Bxc6 Qg7 25. Re7 Rf7 26. Rfe1 g5 27. fxg5
Rxe7 28. Rxe7 Qxe7 29. Qxh6+ Kg8 30. Bd5+ Qf7 31. Qg6+ Kh8 32. Bxf7 1-0

[Event "Campionatele Nationale de sah pentru co"]
[Site "Calimanesti-Caciulata"]
[Date "2018.04.02"]
[Round "8.2"]
[White "Fluerariu, Radu-Cristian"]
[Black "Paraschiv, Paul-Alexandru"]
[Result "0-1"]
[WhiteElo "2059"]
[BlackElo "2129"]
[PlyCount "154"]
[EventDate "2018.03.27"]
[EventRounds "9"]

1. e4 e5 2. Nf3 Nc6 3. Bc4 Bc5 4. c3 Nf6 5. d3 O-O 6. Bg5 h6 7. Bh4 d6 8. b4
Bb6 9. a4 a6 10. Nbd2 Be6 11. Qb3 Qe7 12. O-O g5 13. Bg3 Nh5 14. Rfd1 Nxg3 15.
hxg3 Qf6 16. Rf1 h5 17. Rae1 Ba7 18. Re2 Kg7 19. Bxe6 fxe6 20. b5 Na5 21. Qb4
axb5 22. axb5 h4 23. g4 Qf4 24. Nh2 h3 25. d4 hxg2 26. Kxg2 Rh8 27. Ndf3 Bb6
28. dxe5 Bc5 29. Qb1 Rxh2+ 30. Nxh2 Rh8 31. Rh1 Nc4 32. Qd3 Bxf2 33. Qf3 Ne3+
34. Kxf2 Rxh2+ 35. Rxh2 Nxg4+ 36. Kg2 Qxh2+ 37. Kf1 Qh4 38. Kg1 Nxe5 39. Qg2 g4
40. Re3 Qg5 41. Qg3 Nc4 42. Re2 Qc5+ 43. Rf2 Qxb5 44. Qh4 Ne5 45. Kg2 Ng6 46.
Qxg4 Qe5 47. Rf3 b5 48. Rg3 Qf6 49. Qe2 c6 50. Qd2 d5 51. Qe3 Qe5 52. Rg5 Qxe4+
53. Qxe4 dxe4 54. Rc5 Ne7 55. Re5 Kf6 56. Rxe4 Nd5 57. c4 Nc3 58. Re3 b4 59. c5
e5 60. Kf1 e4 61. Ke1 Ke5 62. Rh3 Kd4 63. Kd2 Kxc5 64. Rh8 Kc4 65. Kc2 c5 66.
Rb8 e3 67. Re8 b3+ 68. Kb2 Nd1+ 69. Kc1 b2+ 70. Kc2 e2 71. Re4+ Kd5 72. Re8
b1=Q+ 73. Kxb1 Nc3+ 74. Kc2 Ne4 75. Rxe4 Kxe4 76. Kd2 Kf3 77. Ke1 c4 0-1

[Event "Campionatele Nationale de sah pentru co"]
[Site "Calimanesti-Caciulata"]
[Date "2018.04.01"]
[Round "7.5"]
[White "Stefan, Mihai"]
[Black "Fluerariu, Radu-Cristian"]
[Result "1/2-1/2"]
[WhiteElo "1972"]
[BlackElo "2059"]
[PlyCount "62"]
[EventDate "2018.03.27"]
[EventRounds "9"]

1. e4 d5 2. exd5 Nf6 3. d4 Nxd5 4. Nf3 Bf5 5. c3 e6 6. Bd3 Bxd3 7. Qxd3 Nd7 8.
O-O Be7 9. Ne5 Bf6 10. Qg3 Qe7 11. c4 Nb4 12. Na3 O-O-O 13. Bd2 Nxe5 14. Bxb4
Nf3+ 15. Qxf3 Qxb4 16. Rad1 Bxd4 17. Qxf7 Qxb2 18. Nb5 Bb6 19. Qxe6+ Kb8 20.
Rb1 Qxa2 21. Nc3 Qa3 22. Nd5 Qc5 23. Qg4 Qd4 24. Qg3 Rhe8 25. Rxb6 Rxd5 26.
Rxb7+ Kxb7 27. Rb1+ Kc8 28. cxd5 Qxd5 29. Qg4+ Qe6 30. Qb4 Qb6 31. Qg4+ Qe6
1/2-1/2

[Event "Campionatele Nationale de sah pentru co"]
[Site "Calimanesti-Caciulata"]
[Date "2018.03.31"]
[Round "6.6"]
[White "Fluerariu, Radu-Cristian"]
[Black "Cotruta, Alexandru-Mihai"]
[Result "1-0"]
[WhiteElo "2059"]
[BlackElo "1811"]
[PlyCount "97"]
[EventDate "2018.03.27"]
[EventRounds "9"]

1. e4 c5 2. Be2 g6 3. f4 Bg7 4. Nf3 Nc6 5. O-O e6 6. c3 d5 7. d3 Nge7 8. Qe1 c4
9. e5 cxd3 10. Bxd3 d4 11. Qe2 O-O 12. Rd1 Qb6 13. cxd4 Rd8 14. Nc3 Nd5 15.
Nxd5 Rxd5 16. Be3 Ne7 17. Bc4 Bd7 18. Bxd5 Nxd5 19. Rac1 Bh6 20. Ng5 Bc6 21.
Ne4 Bxf4 22. Nf6+ Nxf6 23. exf6 Qc7 24. Bxf4 Qxf4 25. Qf2 Qd6 26. Qe3 Qf8 27.
Qf4 Rd8 28. Rc5 a6 29. Rdc1 Rd6 30. b3 Qd8 31. Rd1 Qf8 32. a4 Qd8 33. Rd2 Rd7
34. h4 Qf8 35. Rf2 h5 36. Kh2 Kh7 37. Kg1 Qd8 38. Rd2 Rd6 39. Kh2 e5 40. Qxe5
Rxf6 41. Qg5 Qd6+ 42. Kg1 Rf4 43. Qe5 Qxe5 44. Rxe5 Kg7 45. d5 Bd7 46. Re7 Bf5
47. Rxb7 Rxh4 48. d6 Bc8 49. d7 1-0

[Event "Campionatele Nationale de sah pentru co"]
[Site "Calimanesti-Caciulata"]
[Date "2018.03.30"]
[Round "5.3"]
[White "Traila, Alexandru-Irinel"]
[Black "Fluerariu, Radu-Cristian"]
[Result "1-0"]
[WhiteElo "1812"]
[BlackElo "2059"]
[PlyCount "73"]
[EventDate "2018.03.27"]
[EventRounds "9"]

1. e4 e5 2. Nf3 Nc6 3. Bc4 Bc5 4. c3 Nf6 5. d3 O-O 6. b4 Bb6 7. a4 a6 8. Bg5 d6
9. Qb3 Qe7 10. Nbd2 Be6 11. O-O Ba7 12. Rfe1 h6 13. Bh4 g5 14. Bg3 Nh5 15. Nf1
Qf6 16. Ne3 Rae8 17. Ra2 Nd8 18. Rd2 Bxe3 19. Rxe3 b5 20. axb5 axb5 21. Bxe6
Qxe6 22. Qb2 f5 23. exf5 Qxf5 24. Qa2+ Ne6 25. Qd5 Nf6 26. Qxb5 h5 27. h4 g4
28. Nd4 Nxd4 29. cxd4 Rb8 30. Qc4+ d5 31. Qxc7 e4 32. Qe5 Qg6 33. Qe6+ Kg7 34.
Bxb8 Rxb8 35. dxe4 Nxe4 36. Qe5+ Qf6 37. Rxe4 1-0

[Event "Campionatele Nationale de sah pentru co"]
[Site "Calimanesti-Caciulata"]
[Date "2018.03.29"]
[Round "4.6"]
[White "Fluerariu, Radu-Cristian"]
[Black "Chivulescu, Adrian-Alexandru"]
[Result "1-0"]
[WhiteElo "2059"]
[BlackElo "1849"]
[PlyCount "89"]
[EventDate "2018.03.27"]
[EventRounds "9"]

1. Nf3 Nf6 2. c4 c5 3. g3 b6 4. Bg2 Bb7 5. O-O e6 6. b3 Be7 7. Bb2 O-O 8. Nc3
Nc6 9. e3 d5 10. Qe2 Rc8 11. Rfd1 Qc7 12. cxd5 exd5 13. d4 Rcd8 14. Rac1 Nb4
15. Nb5 Qb8 16. dxc5 bxc5 17. Bxf6 Bxf6 18. Rxc5 Ba6 19. a4 Be7 20. Rcc1 Bxb5
21. Qxb5 Qa8 22. Nd4 Rb8 23. Qe2 a6 24. Nc6 Nxc6 25. Bxd5 Rbc8 26. Qf3 Qb8 27.
Rxc6 Rxc6 28. Bxc6 Qxb3 29. Rd7 Bf6 30. Kg2 a5 31. Ra7 Qb6 32. Rb7 Qd8 33. Qf5
Qd6 34. Be4 g6 35. Qxa5 Bd8 36. Qd5 Qa3 37. Qd7 Qa1 38. Bd5 Qf6 39. Qb5 Qc3 40.
Ra7 Qd2 41. a5 Qc2 42. Rxf7 Rxf7 43. Qe8+ Kg7 44. Qxf7+ Kh6 45. Qf8+ 1-0

[Event "Campionatele Nationale de sah pentru co"]
[Site "Calimanesti-Caciulata"]
[Date "2018.03.29"]
[Round "3.5"]
[White "Ghimpu, Samuel-Timotei"]
[Black "Fluerariu, Radu-Cristian"]
[Result "1/2-1/2"]
[WhiteElo "2111"]
[BlackElo "2059"]
[PlyCount "51"]
[EventDate "2018.03.27"]
[EventRounds "9"]

1. e4 e5 2. Nf3 Nc6 3. Bc4 Bc5 4. O-O Nf6 5. d3 O-O 6. c3 d6 7. Bb3 Ne7 8. Be3
Bb6 9. Nbd2 c6 10. Re1 Ng4 11. Bxb6 Qxb6 12. d4 Ng6 13. Nc4 Qc7 14. Qc2 Bd7 15.
Rad1 Rad8 16. a4 Bc8 17. Rd2 Nf6 18. Ne3 Rde8 19. dxe5 Nxe5 20. Nxe5 dxe5 21.
Red1 Rd8 22. Nc4 Rxd2 23. Rxd2 Be6 24. Nd6 Bxb3 25. Qxb3 Rd8 26. Qd1 1/2-1/2

[Event "Campionatele Nationale de sah pentru co"]
[Site "Calimanesti-Caciulata"]
[Date "2018.03.27"]
[Round "1.6"]
[White "Panc, Samuel"]
[Black "Fluerariu, Radu-Cristian"]
[Result "1/2-1/2"]
[WhiteElo "1631"]
[BlackElo "2059"]
[PlyCount "87"]
[EventDate "2018.03.27"]
[EventRounds "9"]

1. e4 e6 2. Qe2 c5 3. g3 Nc6 4. Nf3 Nf6 5. Bg2 Be7 6. O-O O-O 7. d3 d6 8. c3 e5
9. Na3 h6 10. h3 Re8 11. Nc4 Be6 12. Qc2 Qd7 13. Kh2 Rad8 14. a4 Qc7 15. Ne3 d5
16. Bd2 c4 17. Nxd5 Nxd5 18. exd5 cxd3 19. Qxd3 Bxd5 20. Qe2 Bf6 21. Be3 Ne7
22. Nd2 Qc6 23. Bxd5 Nxd5 24. Ne4 Be7 25. Rfc1 f5 26. Nd2 Nxe3 27. fxe3 f4 28.
exf4 exf4 29. Qc4+ Qxc4 30. Nxc4 Bg5 31. Re1 f3 32. Kg1 Rf8 33. Kf2 Rc8 34. Ne5
Rc7 35. Rad1 Kh7 36. Nxf3 Rc4 37. Rd4 Rc6 38. Kg2 Bf6 39. Rb4 b6 40. Rbe4 Rd8
41. Kf2 Rc5 42. Nd4 Rd7 43. Nb3 Rcd5 44. Ke2 1/2-1/2

[Event "27th Seacoast Trophy 2017"]
[Site "Eforie Nord ROU"]
[Date "2017.06.26"]
[Round "8.5"]
[White "Bulmaga, Irina"]
[Black "Fluerariu, Radu-Cristian"]
[Result "1-0"]
[WhiteElo "2415"]
[BlackElo "2034"]
[PlyCount "119"]
[EventDate "2017.06.19"]

1. e4 e6 2. d4 d5 3. Nc3 h6 4. Nf3 Nf6 5. Bd3 Bb4 6. e5 Ne4 7. Bd2 Bxc3 8. bxc3
c5 9. O-O Nxd2 10. Qxd2 c4 11. Be2 Nc6 12. Ne1 O-O 13. f4 f5 14. exf6 Qxf6 15.
g3 Bd7 16. Bg4 Rae8 17. Ng2 Ne7 18. Rae1 g6 19. Rf2 Kh7 20. Rfe2 Nf5 21. Re5
Re7 22. Qe2 Ref7 23. Ne3 Qd8 24. Qd2 b5 25. a3 Qa5 26. Ra1 Qb6 27. Bxf5 gxf5
28. Ng2 Rg7 29. Nh4 Qd6 30. Qe2 a6 31. Qh5 Be8 32. Qe2 Bd7 33. Kf2 Rb8 34. Nf3
Rf8 35. Re3 Bc8 36. Qf1 Bd7 37. Qh3 Rf6 38. Ke2 Kg8 39. Kd2 Be8 40. Ne5 Kh7 41.
Qh4 Qe7 42. Rae1 Rf8 43. Qh3 Rf6 44. Nf3 Bd7 45. Re5 Kg8 46. Ra1 Qf8 47. Re2
Qd6 48. Ne5 Be8 49. Rg2 Kh7 50. g4 fxg4 51. Rxg4 Rxg4 52. Qxg4 Qf8 53. Ke3 Qg7
54. h3 Qf8 55. Rg1 Rf5 56. Qg3 Rf6 57. Qh4 Qh8 58. Ng4 Rg6 59. Qe7+ Qg7 60.
Nf6+ 1-0

[Event "27th Seacoast Trophy"]
[Site "?"]
[Date "2017.06.21"]
[Round "?"]
[White "Fluerariu, Radu-Cristian"]
[Black "Soltanici, Ruslan"]
[Result "0-1"]
[WhiteElo "2034"]
[BlackElo "2393"]
[PlyCount "106"]
[EventDate "2017.??.??"]

1. c4 e5 2. Nc3 Nf6 3. g3 d5 4. cxd5 Nxd5 5. Bg2 Nb6 6. e3 g6 7. Nge2 Bg7 8.
O-O O-O 9. f4 exf4 10. Nxf4 N8d7 11. d4 c5 12. Ne4 cxd4 13. exd4 Nf6 14. Nc5
Ng4 15. Nb3 Nc4 16. Qd3 Nd6 17. Bd2 Bf5 18. Qf3 Nf6 19. Nc5 Nfe4 20. Bc3 b6 21.
Nxe4 Bxe4 22. Qe2 Re8 23. Bxe4 Nxe4 24. Qd3 Qd7 25. Rad1 Rac8 26. Rfe1 f5 27.
Re2 Qf7 28. a3 g5 29. Ng2 Qb3 30. Rde1 Red8 31. g4 Bxd4+ 32. Qxd4 Rxd4 33. Bxd4
Qd3 34. Be5 Rc1 35. Rxc1 Qxe2 36. gxf5 Qf2+ 37. Kh1 Qxf5 38. Bd4 Qf3 39. Kg1
Qd3 40. Be3 h5 41. Rf1 h4 42. Bc1 h3 43. Ne3 Qe2 44. b4 g4 45. Rf4 g3 46. Rg4+
Kh7 47. Rh4+ Kg6 48. hxg3 h2+ 49. Rxh2 Qe1+ 50. Nf1 Qxc1 51. Rh4 Nd2 52. Rf4
Nxf1 53. Rxf1 Qxa3 0-1